000 00360nam a2200169Ia 4500
100 _aKibbe/Richard R
650 _aMachine tool
250 _a9
942 _cBK
366 _f25
245 _aMachine tool practices
260 _bPrentice -Hall of India
_c2010
082 _a621.902
_bKIB
300 _a800
546 _aENGLISH
_cInfo.Tech
999 _c22584
_d22584